Biblioteca agropecuaria. Volvamos al campo

Bibliographic Details
Format: Section = Libro
Language:Undetermined
Spanish
Published: Colombia Grupo Latino Ltda 2006
Subjects:
LEADER 00579nam a2200205Ia 4500
008 240829s9999 xx 000 0 und d
020 |a 958-8203-16-3 
040 |a BIBLIOTECA-RUPAP Ref 630 C718 
041 |a spa 
082 |a Ref 630 C718 
245 1 0 |a Biblioteca agropecuaria. Volvamos al campo 
260 |a Colombia  |b Grupo Latino Ltda  |c 2006 
300 |a p. irreg. :il. 
650 7 |a AGRICULTURA Y TECNOLOGIAS RELACIONADAS 
650 7 |b  EXPLOTACION AGRICOLA 
650 7 |c  AVES DE CORRAL 
650 7 |d  SANIDAD ANIMAL. I. Tít. 
942 |c BK  |2 ddc 
991 |a TEXTO 
999 |c 9288